Rip it up and start again (Record no. 69023)

MARC details
000 -LEADER
fixed length control field 01267cam a2200253 4500
001 - CONTROL NUMBER
control field ABS64783
008 - FIXED-LENGTH DATA ELEMENTS--GENERAL INFORMATION
fixed length control field 011204n2001 000 0 eng u
035 ## - SYSTEM CONTROL NUMBER
System control number (Sirsi) u115858
100 ## - MAIN ENTRY--PERSONAL NAME
Personal name Carnwath, R.
245 ## - TITLE STATEMENT
Title Rip it up and start again
260 ## - PUBLICATION, DISTRIBUTION, ETC.
Date of publication, distribution, etc. 2001
490 ## - SERIES STATEMENT
Series statement Estates Gazette
Volume/sequential designation (0144) 3 November 2001, 144(1)
520 ## - SUMMARY, ETC.
Summary, etc. The Law Commission has published a discussion paper on the "Pointe Gourde" rule which concludes that the law on 'disregarding the scheme' when assessing compensation for land compulsorily acquired is muddled and needs a complete review. This article briefly outlines the "Pointe Gourde" rule; looks at the complex and inconsistent provisions contained in the Land Compensation Act 1961; considers possibilities for reform and highlights the issues involved. A Law Commission consultation paper on a framework for a new code will be published in 2002.
590 ## - LOCAL NOTE (RLIN)
Local note ABS
650 ## - SUBJECT ADDED ENTRY--TOPICAL TERM
Topical term or geographic name entry element LAW COMMISSION
650 ## - SUBJECT ADDED ENTRY--TOPICAL TERM
Topical term or geographic name entry element LAND COMPENSATION ACT 1961
650 ## - SUBJECT ADDED ENTRY--TOPICAL TERM
Topical term or geographic name entry element COMPENSATION
650 ## - SUBJECT ADDED ENTRY--TOPICAL TERM
Topical term or geographic name entry element Compulsory purchase
9 (RLIN) 6228
650 ## - SUBJECT ADDED ENTRY--TOPICAL TERM
Topical term or geographic name entry element REFORM
650 ## - SUBJECT ADDED ENTRY--TOPICAL TERM
Topical term or geographic name entry element POINTE GOURDE RULE
650 ## - SUBJECT ADDED ENTRY--TOPICAL TERM
Topical term or geographic name entry element CONSULTATION
690 ## - LOCAL SUBJECT ADDED ENTRY--TOPICAL TERM (OCLC, RLIN)
Topical term or geographic name as entry element ENVIRONMENTAL AND LAND CONSULTANCY-PLANNING AND DEVELOPMENT-COMPULSORY PURCHASE AND COMPENSATION
942 ## - ADDED ENTRY ELEMENTS (KOHA)
Suppress in OPAC 0
Holdings
Withdrawn status Lost status Source of classification or shelving scheme Damaged status Not for loan Home library Current library Shelving location Date acquired Total Checkouts Full call number Barcode Date last seen Copy number Price effective from Koha item type
    Dewey Decimal Classification     London London Journal article 04/12/2001   ABS64783 115858-1001 06/08/2019 1 06/08/2019 Journal article